Normal view MARC view

Entry Personal Name

Number of records used in: 1

001 - CONTROL NUMBER

  • control field: 7544

003 - CONTROL NUMBER IDENTIFIER

  • control field: OSt

005 - DATE AND TIME OF LATEST TRANSACTION

  • control field: 20211028144141.0

008 - FIXED-LENGTH DATA ELEMENTS

  • fixed length control field: 211028|| aca||aabn | a|a d

040 ## - CATALOGING SOURCE

  • Original cataloging agency: OSt
  • Transcribing agency: OSt

100 ## - HEADING--PERSONAL NAME

  • Personal name: Prabhu, Sandesh; D Souza, Rayan.
  • Miscellaneous information: 1416125

670 ## - SOURCE DATA FOUND

  • Source citation: Work cat.: (OSt): Prabhu, Sandesh; D Souza, Rayan. 1416125, Study on performance appraisal of employees in sanko tiles private limited Kasarkod., 2016